<?xml version="1.0" encoding="UTF-8"?>
<record
    xmlns:xsi="http://www.w3.org/2001/XMLSchema-instance"
    xsi:schemaLocation="http://www.loc.gov/MARC21/slim http://www.loc.gov/standards/marcxml/schema/MARC21slim.xsd"
    xmlns="http://www.loc.gov/MARC21/slim">

  <leader>01020    a2200241   4500</leader>
  <controlfield tag="005">20260330160016.0</controlfield>
  <controlfield tag="008">260330b        |||||||| |||| 00| 0 eng d</controlfield>
  <datafield tag="020" ind1=" " ind2=" ">
    <subfield code="a">9788196623371 (hbk)</subfield>
  </datafield>
  <datafield tag="037" ind1=" " ind2=" ">
    <subfield code="c">TB</subfield>
  </datafield>
  <datafield tag="040" ind1=" " ind2=" ">
    <subfield code="a">CRL</subfield>
    <subfield code="c">CRL</subfield>
  </datafield>
  <datafield tag="041" ind1=" " ind2=" ">
    <subfield code="2">hin </subfield>
    <subfield code="a">hin </subfield>
  </datafield>
  <datafield tag="084" ind1=" " ind2=" ">
    <subfield code="a">&#x394;:864 152R4</subfield>
    <subfield code="q">CRL</subfield>
  </datafield>
  <datafield tag="100" ind1=" " ind2=" ">
    <subfield code="a">&#x905;&#x917;&#x94D;&#x930;&#x935;&#x93E;&#x932;, &#x905;&#x92E;&#x930; </subfield>
    <subfield code="9">846948</subfield>
  </datafield>
  <datafield tag="245" ind1=" " ind2=" ">
    <subfield code="a">&#x932;&#x93E;&#x932; &#x915;&#x93F;&#x924;&#x93E;&#x92C; &#x935;&#x93F;&#x935;&#x93F;&#x927; &#x92A;&#x94D;&#x930;&#x915;&#x930;&#x923; &#x935;&#x93F;&#x91A;&#x93E;&#x930; </subfield>
  </datafield>
  <datafield tag="260" ind1=" " ind2=" ">
    <subfield code="a">&#x926;&#x93F;&#x932;&#x94D;&#x932;&#x940;, &#x92D;&#x93E;&#x930;&#x924;: </subfield>
    <subfield code="b">&#x92C;&#x93F;&#x917; &#x928;&#x94B;&#x91F; &#x92A;&#x92C;&#x94D;&#x932;&#x93F;&#x915;&#x947;&#x936;&#x928;,</subfield>
    <subfield code="c">2024. </subfield>
  </datafield>
  <datafield tag="300" ind1=" " ind2=" ">
    <subfield code="a">215&#x92A;&#x943;. </subfield>
  </datafield>
  <datafield tag="365" ind1=" " ind2=" ">
    <subfield code="b">700.00</subfield>
    <subfield code="c">INR </subfield>
  </datafield>
  <datafield tag="650" ind1=" " ind2=" ">
    <subfield code="a">&#x906;&#x927;&#x94D;&#x92F;&#x93E;&#x924;&#x94D;&#x92E;&#x93F;&#x915; &#x905;&#x927;&#x94D;&#x92F;&#x92F;&#x928; </subfield>
  </datafield>
  <datafield tag="650" ind1=" " ind2=" ">
    <subfield code="a">&#x91C;&#x94D;&#x92F;&#x94B;&#x924;&#x93F;&#x937; &#x936;&#x93E;&#x938;&#x94D;&#x924;&#x94D;&#x930; </subfield>
  </datafield>
  <datafield tag="700" ind1=" " ind2=" ">
    <subfield code="a">&#x917;&#x941;&#x92A;&#x94D;&#x924;&#x93E;, &#x905;&#x930;&#x92E;&#x93E;&#x928; </subfield>
    <subfield code="e">&#x932;&#x947;&#x916;&#x915; </subfield>
    <subfield code="9">1232122</subfield>
  </datafield>
  <datafield tag="942" ind1=" " ind2=" ">
    <subfield code="c">TB</subfield>
    <subfield code="2">CC</subfield>
    <subfield code="h">&#x394;:864 152R4</subfield>
  </datafield>
  <datafield tag="999" ind1=" " ind2=" ">
    <subfield code="c">1464272</subfield>
    <subfield code="d">1464272</subfield>
  </datafield>
  <datafield tag="952" ind1=" " ind2=" ">
    <subfield code="0">0</subfield>
    <subfield code="1">0</subfield>
    <subfield code="2">CC</subfield>
    <subfield code="4">0</subfield>
    <subfield code="7">0</subfield>
    <subfield code="a">CRL</subfield>
    <subfield code="b">CRL</subfield>
    <subfield code="d">2026-02-11</subfield>
    <subfield code="e">25/ &#x908;&#x938;&#x94D;&#x91F;&#x930;&#x94D;&#x928; &#x92C;&#x941;&#x915; &#x932;&#x93F;&#x902;&#x915;&#x930;&#x94D;&#x938; </subfield>
    <subfield code="g">560.00</subfield>
    <subfield code="i">94 &amp; 2026-02-06</subfield>
    <subfield code="l">0</subfield>
    <subfield code="o">&#x394;:864 152R4</subfield>
    <subfield code="p">CL1925925</subfield>
    <subfield code="r">2026-02-11 00:00:00</subfield>
    <subfield code="v">700.00</subfield>
    <subfield code="w">2026-02-11</subfield>
    <subfield code="y">TB</subfield>
  </datafield>
</record>
